La fauna de los cordones litorales holocenos de Bahía Blanca, provincia de Buenos Aires, Argentina. /

Guardado en:
Autor Principal: Farinati, Ester A.
Formato: Libro
Idioma:Spanish
Publicado: Montevideo : Sociedad malacológica del Uruguay, 1985.
Materias:
Etiquetas: Agregar Etiqueta
Sin Etiquetas, Sea el primero en etiquetar este registro!
LEADER 00576nam a22001575a 4500
001 EUN.um023981
008 041125s1985####uy############000#0#spa#d
005 20120425102533.0
245 1 3 |a La fauna de los cordones litorales holocenos de Bahía Blanca, provincia de Buenos Aires, Argentina. /  |c Ester A. Farinati. 
260 |a Montevideo :  |b Sociedad malacológica del Uruguay,  |c 1985. 
300 |a 12 p. 
100 1 |a Farinati, Ester A.  |q (Ester Amanda) 
082 0 4 |a 560.17 
653 |a Fauna marina 
653 |a Bahia blanca 
859 |a Ar-BaUNS  |b BIB. CENTRAL - Sector C  |h 560.17  |i F226-5  |p 94904/987